Vzájomné vzťahy medzi firmami čistia aj vymáhači
Pohľadávky a výsledky prieskumu spoločnosti Coface Intercredit Slovakia (CIS). Index platobnej disciplíny (Payment Incident Index - PII). Slovensko a druhotná platobná neschopnosť. "Pozitívne" a "negatívne/ úroky pri neskorej úhrade. Vývoj v oblasti splácania pohľadávok na Slovensku. Inkasné ka...
Na minha lista:
| Autor principal: | |
|---|---|
| Formato: | Capítulo de Livro |
| Idioma: | eslovaco |
| Assuntos: | |
| Tags: |
Sem tags, seja o primeiro a adicionar uma tag!
|
MARC
| LEADER | 00000naa$a2200000$$$4500 | ||
|---|---|---|---|
| 001 | 0010361 | ||
| 005 | 20230926071543.2 | ||
| 041 | 0 | |a slo | |
| 044 | |a SK | ||
| 245 | 1 | 0 | |a Vzájomné vzťahy medzi firmami čistia aj vymáhači |c aut. Daniel Kráľ |
| 520 | |a Pohľadávky a výsledky prieskumu spoločnosti Coface Intercredit Slovakia (CIS). Index platobnej disciplíny (Payment Incident Index - PII). Slovensko a druhotná platobná neschopnosť. "Pozitívne" a "negatívne/ úroky pri neskorej úhrade. Vývoj v oblasti splácania pohľadávok na Slovensku. Inkasné kancelárie. Miera úspešnosti vymáhania pohľadávok. Porovnanie príčin neplatenia vo vybraných krajinách. Solvencia slovenských firiem podľa indexu platobnej disciplíny. | ||
| 610 | 2 | 0 | |a pohľadávky |
| 610 | 2 | 0 | |a dlhy |
| 610 | 2 | 0 | |a insolventnosť |
| 610 | 2 | 0 | |a solventnosť |
| 610 | 2 | 0 | |a firmy |
| 610 | 2 | 0 | |a dodávatelia |
| 610 | 2 | 0 | |a indexy |
| 610 | 2 | 0 | |a Slovensko |
| 100 | 1 | |a Kráľ, Daniel | |